Statistics for The Only Remaining State . . .

Click here to take the quiz!

General Stats

  • This quiz has been taken 422 times
  • The average score is 22 of 50

Answer Stats

The only state . . . State % Correct
To have more people than Canada (~37,000,000)California
98%
To have a megacity (more than 10,000,000 people)New York
97%
To be bigger than Mongolia (~600,000 sq mi)Alaska
96%
To touch the Pacific OceanOregon
77%
To get less than 10 inches of rain per yearNevada
73%
To have multiple cities with more than 5,000,000 peopleTexas
70%
To border MexicoArizona
70%
To be home to a company worth more than $800 billionWashington
66%
To have a mountain peak over 14,000 ft highColorado
65%
To have a population more than 1/3 HispanicNew Mexico
65%
To have "New" in its nameNew Jersey
62%
To be visited by Europeans before the start of the Protestant Reformation (1517)Florida
59%
To have a population that is more than 10% Asian-AmericanHawaii
59%
To have Portland as its biggest cityMaine
58%
To touch the Gulf of MexicoMississippi
57%
To have the same first and last letterAlabama
51%
To be part of New EnglandConnecticut
50%
To be the birthplace of more than 5 presidentsVirginia
50%
To border CanadaNorth Dakota
50%
To have been an independent country prior to joining the U.S.Vermont
47%
To be smaller than Rwanda (~10,000 sq mi)Delaware
46%
To have more than 3 National ParksUtah
42%
To have a population more than 20% French-AmericanNew Hampshire
42%
To have a name that starts with "M"Missouri
42%
To have more than 25% of its total area be waterMichigan
41%
To be the birthplace of more than 20 astronautsOhio
39%
To have more than 5,000 miles of coastlineLouisiana
38%
To have multiple silent letters in its nameRhode Island
38%
To have a total population less than 1,000,000Wyoming
37%
To touch a Great LakeWisconsin
35%
To average more than 75 tornadoes per yearKansas
35%
To have a population that is more than 5% Native AmericanSouth Dakota
35%
To be bigger than Gabon (~100,000 sq mi)Montana
35%
To have won a Super Bowl, a World Series, an NBA Finals, and a Stanley CupMassachusetts
33%
To become a state in the 20th centuryOklahoma
31%
To be one of the original 13 coloniesMaryland
30%
To be bigger in terms of population than any state it bordersIllinois
30%
To have more than 20% of its land administered by the U.S. Forest ServiceIdaho
29%
To have more than 4 "Big 4" professional sports teamsPennsylvania
29%
To have a total population of over 10,000,000Georgia
27%
To touch the Mississippi RiverIowa
27%
To be on the Appalachian TrailTennessee
25%
To have been one of the states in the ConfederacyArkansas
25%
To have 3 cities with more than 1,000,000 peopleNorth Carolina
25%
To have zero cities with 100,000 people (city proper)West Virginia
21%
To have at least one team in each of the "Big 4" professional sports leaguesMinnesota
20%
To become a state in the 18th centuryKentucky
19%
To be a stateNebraska
19%
To be smaller in terms of population than any state it bordersSouth Carolina
16%
To have at least one star on its state flagIndiana
15%

Score Distribution

Percentile by Number Answered

Percent of People with Each Score

Your Score History

You have not taken this quiz